Ferraro: My history
Autobiografía de la escritora estadounidense Geraldine A. Ferraro, que contiene memorias y reflexiones, sobre su experiencia como la primera y única mujer nominada por un partido importante como candidata a la vicepresidencia demócrata de 1984. Este libro muestra el proceso que la llevó a su nominac...
Gardado en:
| Autor Principal: | |
|---|---|
| Formato: | Libro |
| Idioma: | Undetermined |
| Publicado: |
New York, Estados Unidos
Bantam Books
1985
|
| Materias: | |
| Etiquetas: |
Engadir etiqueta
Sen Etiquetas, Sexa o primeiro en etiquetar este rexistro!
|
MARC
| LEADER | 00000nam a2200000Ia 4500 | ||
|---|---|---|---|
| 008 | 170316s9999 xx 000 0 und d | ||
| 040 | |a cru BVZT | ||
| 090 | |a 810 F-8f | ||
| 100 | |a Ferraro, Geraldine A. |9 1103 | ||
| 245 | |a Ferraro: My history |c / Geraldine A. Ferraro | ||
| 260 | |a New York, Estados Unidos | ||
| 260 | |b Bantam Books | ||
| 260 | |c 1985 | ||
| 300 | |a 340 páginas | ||
| 520 | |a Autobiografía de la escritora estadounidense Geraldine A. Ferraro, que contiene memorias y reflexiones, sobre su experiencia como la primera y única mujer nominada por un partido importante como candidata a la vicepresidencia demócrata de 1984. Este libro muestra el proceso que la llevó a su nominación y su política de campaña, especialmente las críticas despiadadas dirigidas a ella y su familia. Ferraro da vida a la dinámica de las mujeres en el Congreso, y cómo las diferentes experiencias de vida afectan el proceso de formulación de políticas. | ||
| 650 | |a LITERATURA ESTADOUNIDENSE |9 25 | ||
| 650 | |a AUTOBIOGRAFÍA - GERALDINE A. FERRARO |9 1104 | ||
| 999 | |c 5652 |d 5652 | ||
| 942 | |c 15 D |h 810 F-8f |2 z | ||
